[Event "Open Vysocina 2018"]
[Site "Trebic"]
[Date "2018.09.26"]
[Round "5"]
[White "Divis, Jan"]
[Black "Glacner, Karel"]
[Result "0-1"]
[WhiteElo "1526"]
[BlackElo "1482"]
[PlyCount "99"]
[EventDate "2018.09.22"]

1. d4 {[%emt 0:00:00]} e5 2. dxe5 Nc6 3. Nf3 Qe7 4. Nc3 Nxe5 5. Nxe5 Qxe5 6.
Qd5 d6 7. g3 Qe7 8. Bg2 c6 9. Qd3 Nf6 10. O-O Nd7 11. Re1 Ne5 12. Qd1 Bg4 13.
f3 Bd7 14. e4 h5 15. h4 Ng6 16. Be3 Qd8 17. Bf2 Be7 18. Ne2 Qc8 19. Kh2 Ne5 20.
Ng1 g5 21. hxg5 Ng4+ 22. fxg4 hxg4+ 23. Nh3 gxh3 24. Bf3 Rg8 25. Be3 Be6 26.
Bf4 Qd7 27. Qe2 Bxg5 28. Bxg5 Rxg5 29. c4 O-O-O 30. Qe3 Rc5 31. b4 Rxc4 32.
Qxa7 Rc2+ 33. Re2 Rxe2+ 34. Bxe2 Qc7 35. a4 Kd7 36. Qd4 Rg8 37. Rf1 Kc8 38. Rf4
Qe7 39. a5 d5 40. Qb6 Qg5 41. Qf2 d4 42. a6 b6 43. Rf6 Kb8 44. Rf4 b5 45. Rf3
Qe5 46. Ra3 Ka7 47. Bf3 Kb6 48. a7 Ra8 49. Qa2 Bxa2 50. Rxa2 0-1

[Event "Open Vysocina 2018"]
[Site "Trebic"]
[Date "2018.09.27"]
[Round "6"]
[White "Chu, Ruotong"]
[Black "Mezlik, Stanislav"]
[Result "1-0"]
[WhiteElo "2199"]
[BlackElo "1885"]
[PlyCount "77"]
[EventDate "2018.09.22"]

1. d4 d5 2. c4 c6 3. cxd5 cxd5 4. Bf4 Nc6 5. e3 Nf6 6. Nc3 a6 7. Bd3 Bg4 8.
Nge2 Qd7 9. Na4 Qd8 10. O-O e6 11. f3 Bh5 12. Qb3 Na5 13. Qb6 Nd7 14. Qxd8+
Rxd8 15. Rac1 Nc6 16. e4 Bg6 17. Rfd1 Rc8 18. exd5 exd5 19. Bxg6 hxg6 20. Nc5
Bxc5 21. dxc5 Nf6 22. Nc3 Ne7 23. Bd6 Kd7 24. Bxe7 Kxe7 25. Nxd5+ Nxd5 26. Rxd5
Rhd8 27. Re1+ Kf6 28. Red1 Rxd5 29. Rxd5 Ke6 30. Rd6+ Ke7 31. b4 a5 32. a3 axb4
33. axb4 Rc6 34. Rxc6 bxc6 35. Kf2 Ke6 36. Ke3 Kd5 37. Kd3 g5 38. Kc3 f5 39.
Kd3 1-0

[Event "Open Vysocina 2018"]
[Site "Trebic"]
[Date "2018.09.27"]
[Round "6"]
[White "Vincze, Roman"]
[Black "Vecera, Pavel"]
[Result "1-0"]
[WhiteElo "2097"]
[BlackElo "2153"]
[PlyCount "161"]
[EventDate "2018.09.22"]

1. d4 d5 2. Nf3 c5 3. c3 e6 4. Bf4 Nc6 5. e3 Nf6 6. Nbd2 Be7 7. h3 O-O 8. Bd3
b6 9. O-O Bb7 10. Qe2 Re8 11. Rad1 Nh5 12. Bh2 g6 13. Rfe1 Bf6 14. Ne5 Nxe5 15.
Bxe5 Bxe5 16. dxe5 Qc7 17. f4 Rad8 18. g4 Ng7 19. Qf2 Rf8 20. Qh4 d4 21. exd4
cxd4 22. c4 Ne8 23. Be4 Bc8 24. b3 f6 25. Bg2 fxe5 26. fxe5 d3 27. Qg5 Rd4 28.
Rf1 Rxf1+ 29. Rxf1 Bb7 30. Bxb7 Qxb7 31. Qe3 Rd8 32. Qf3 Qxf3 33. Nxf3 Nc7 34.
Rd1 b5 35. Kf2 bxc4 36. bxc4 Na6 37. a3 h5 38. gxh5 gxh5 39. Ke3 Nc5 40. Ne1
Kg7 41. Nxd3 Kh6 42. h4 Na4 43. Rf1 Nb6 44. Rf6+ Kg7 45. Nb2 Nd7 46. Rxe6 Kf7
47. Rd6 Ke7 48. Rd5 Rg8 49. Nd3 Rg3+ 50. Kd2 Rg4 51. c5 Rxh4 52. Kc3 Re4 53.
Rd4 Rxd4 54. Kxd4 h4 55. Nf4 Nb8 56. Kd5 Kd7 57. e6+ Kc7 58. Ke5 Nc6+ 59. Kf6
Kd8 60. Nh3 a5 61. a4 Ke8 62. Nf4 Kd8 63. Kf7 Ne7 64. Kf8 Nc6 65. Nh3 Ne7 66.
Kg7 Ke8 67. Kf6 Nc6 68. Ng5 Kf8 69. Nh3 Ke8 70. Ng5 Kd8 71. Kf5 Ke8 72. Ke4 Ke7
73. Kd5 Nb4+ 74. Kc4 h3 75. Nxh3 Kxe6 76. Nf4+ Kd7 77. Kb5 Nc6 78. Kb6 Nd4 79.
Nd5 Ke6 80. Ne3 Kd7 81. Nc4 1-0

[Event "Open Vysocina 2018"]
[Site "Trebic"]
[Date "2018.09.27"]
[Round "6"]
[White "Gokhale, Anupama"]
[Black "Pribyl, Josef"]
[Result "1/2-1/2"]
[WhiteElo "1964"]
[BlackElo "2250"]
[PlyCount "32"]
[EventDate "2018.09.22"]

1. d4 Nf6 2. c4 g6 3. g3 Bg7 4. Bg2 d5 5. cxd5 Nxd5 6. e4 Nb6 7. Ne2 O-O 8. O-O
Nc6 9. d5 Na5 10. Nbc3 c6 11. b3 cxd5 12. exd5 Bg4 13. Bd2 Nc8 14. h3 Bd7 15.
Rc1 b6 16. Be3 Nd6 1/2-1/2

[Event "Open Vysocina 2018"]
[Site "Trebic"]
[Date "2018.09.27"]
[Round "6"]
[White "Skurniak, Szymon"]
[Black "Bartos, Jan"]
[Result "1/2-1/2"]
[WhiteElo "1763"]
[BlackElo "2216"]
[PlyCount "58"]
[EventDate "2018.09.22"]

1. e4 {[%emt 0:00:00]} e6 2. d4 d5 3. Nc3 Bb4 4. e5 c5 5. a3 Ba5 6. b4 cxd4 7.
Nb5 Bc7 8. f4 Bd7 9. Nxc7+ Qxc7 10. Nf3 Ba4 11. Bd3 a6 12. Bb2 Ne7 13. Nxd4
Nbc6 14. Qe2 Nxd4 15. Bxd4 Nf5 16. Bxf5 exf5 17. Bc5 b6 18. Bd6 Qc3+ 19. Kf2
Rc8 20. Rhc1 Rc4 21. e6 Qd4+ 22. Kf1 Qe4 23. exf7+ Kxf7 24. Qh5+ g6 25. Qh4
Rxc2 26. Rxc2 Bb5+ 27. Kf2 Qd4+ 28. Kf3 Qe4+ 29. Kf2 Qd4+ 1/2-1/2

[Event "Open Vysocina 2018"]
[Site "Trebic"]
[Date "2018.09.27"]
[Round "6"]
[White "Zacharias, Miroslav"]
[Black "Tesar, Jan"]
[Result "0-1"]
[WhiteElo "1727"]
[BlackElo "2033"]
[PlyCount "112"]
[EventDate "2018.09.22"]

1. e4 c5 2. Nf3 a6 3. c4 e6 4. d4 cxd4 5. Nxd4 d6 6. Nc3 Nf6 7. Be2 Be7 8. O-O
O-O 9. Be3 Qc7 10. Qd2 Nbd7 11. Rac1 b6 12. f3 Bb7 13. Rfd1 Rac8 14. Kh1 Qb8
15. b3 Rfe8 16. Bf2 Bd8 17. Bg3 Bc7 18. Qg5 h6 19. Qd2 Nh5 20. f4 Nxg3+ 21.
hxg3 Nf6 22. Bf3 Rcd8 23. Qf2 Rd7 24. Rc2 Red8 25. Rcd2 Qa8 26. Re1 d5 27. exd5
exd5 28. cxd5 Nxd5 29. Nxd5 Bxd5 30. Red1 b5 31. Bxd5 Rxd5 32. Nf3 Rh5+ 33. Nh2
Rxd2 34. Rxd2 Qc6 35. Rc2 Qd6 36. Qe2 Rd5 37. Nf1 g6 38. Rd2 Bb6 39. Rxd5 Qxd5
40. Nd2 Kf8 41. Ne4 Qd4 42. Qe1 Qd3 43. Nf2 Qxg3 44. Qb4+ Kg8 45. Nh3 Qe3 46.
Qd6 Qd4 47. Qxd4 Bxd4 48. Kh2 Kf8 49. Kg3 Ke7 50. Kf3 Kd6 51. Ke4 Bb6 52. g4 f6
53. f5 g5 54. a4 Kc6 55. Kd3 Kd5 56. Kc3 Ke4 0-1

[Event "Open Vysocina 2018"]
[Site "Trebic"]
[Date "2018.09.27"]
[Round "6"]
[White "Bradac, Roman"]
[Black "Lampir, Tomas"]
[Result "1/2-1/2"]
[WhiteElo "1999"]
[BlackElo "2052"]
[PlyCount "53"]
[EventDate "2018.09.22"]

1. d4 d5 2. Nf3 Nf6 3. c4 c6 4. Nc3 a6 5. c5 Nbd7 6. Bf4 Nh5 7. Bd2 Nhf6 8. Bf4
Nh5 9. Bd2 Nhf6 10. Qc2 g6 11. h3 Bg7 12. Bf4 O-O 13. e3 Nh5 14. Bh2 f5 15. Be2
e5 16. Nxe5 Nxe5 17. Bxe5 Bxe5 18. dxe5 Ng7 19. O-O Qe7 20. Na4 Qxe5 21. Nb6
Rb8 22. Nxc8 Rbxc8 23. b4 Ne6 24. Rfe1 f4 25. Bg4 fxe3 26. Bxe6+ Qxe6 27. Rxe3
1/2-1/2

[Event "Open Vysocina 2018"]
[Site "Trebic"]
[Date "2018.09.27"]
[Round "6"]
[White "Pacl, Vaclav"]
[Black "Svizensky, Lubos"]
[Result "1/2-1/2"]
[WhiteElo "2033"]
[BlackElo "1937"]
[PlyCount "35"]
[EventDate "2018.09.22"]

1. Nf3 Nf6 2. g3 d5 3. c4 c6 4. b3 Bf5 5. Bb2 e6 6. Bg2 Nbd7 7. O-O Be7 8. d3
h6 9. Nbd2 O-O 10. a3 Re8 11. b4 Bh7 12. Qc2 Rc8 13. Rac1 Bf8 14. Qb1 e5 15.
cxd5 cxd5 16. e4 dxe4 17. dxe4 b5 18. Rxc8 1/2-1/2

[Event "Open Vysocina 2018"]
[Site "Trebic"]
[Date "2018.09.27"]
[Round "6"]
[White "Grabarczyk, Sylwester"]
[Black "Heppell, Ian N"]
[Result "1/2-1/2"]
[WhiteElo "1782"]
[BlackElo "2031"]
[PlyCount "90"]
[EventDate "2018.09.22"]

1. e4 e5 2. Nf3 d6 3. Bc4 Be7 4. d4 exd4 5. Qxd4 Nf6 6. O-O O-O 7. Nc3 Nc6 8.
Qd3 Bg4 9. Bb3 Qd7 10. Bg5 h6 11. Bh4 Rfe8 12. Bg3 Nh5 13. Rad1 Nxg3 14. fxg3
Be6 15. Nd5 Rad8 16. Qb5 Qc8 17. Qe2 Bf8 18. c3 Ne5 19. Nd4 Bg4 20. Nf3 c6 21.
Ne3 Nxf3+ 22. gxf3 Be6 23. Bc2 Bh3 24. Rf2 d5 25. b4 dxe4 26. Bxe4 a5 27. a3
Rxd1+ 28. Qxd1 Rd8 29. Qc2 axb4 30. axb4 Be6 31. Rd2 Rxd2 32. Qxd2 Qd7 33. Qc2
g6 34. Kf2 Bg7 35. f4 f5 36. Bd3 Qf7 37. c4 Bd4 38. Ke2 Qe7 39. Kf3 Qxb4 40. g4
Qe1 41. Qe2 fxg4+ 42. Nxg4 Qh1+ 43. Kg3 Qg1+ 44. Kh3 Qe3+ 45. Qxe3 Bxe3 1/2-1/2

[Event "Open Vysocina 2018"]
[Site "Trebic"]
[Date "2018.09.27"]
[Round "6"]
[White "Bar-Or, Ornan"]
[Black "Benda, Vladimir"]
[Result "1-0"]
[WhiteElo "1931"]
[BlackElo "1493"]
[PlyCount "46"]
[EventDate "2018.09.22"]

1. e4 c5 2. Nf3 Nc6 3. Bb5 a6 4. Bxc6 dxc6 5. d3 g6 6. h3 Bg7 7. Nc3 e5 8. Be3
b6 9. Qd2 h6 10. O-O-O Be6 11. Kb1 Qd6 12. Nh4 Bf6 13. g3 Qe7 14. Ng2 Qd7 15.
g4 O-O-O 16. Na4 Kb7 17. f4 Qe7 18. Qc3 Qd6 19. Rhf1 Rb8 20. f5 Bd7 21. Qd2 h5
22. Qf2 h4 23. Rfe1 Nh6 1-0

[Event "Open Vysocina 2018"]
[Site "Trebic"]
[Date "2018.09.27"]
[Round "6"]
[White "Zeleny, Tomas"]
[Black "Novak, Pavel"]
[Result "1-0"]
[WhiteElo "1833"]
[BlackElo "1479"]
[PlyCount "81"]
[EventDate "2018.09.22"]

1. e4 e5 2. Nf3 Nc6 3. Bb5 a6 4. Ba4 Nf6 5. O-O d6 6. Re1 Bd7 7. c3 g6 8. h3
Bg7 9. d4 exd4 10. e5 dxe5 11. cxd4 e4 12. Bg5 O-O 13. Rxe4 Re8 14. Nc3 Qc8 15.
Rxe8+ Qxe8 16. Bf4 Rc8 17. Bb3 Na5 18. Ne5 Be6 19. Ba4 c6 20. Qd2 Nc4 21. Nxc4
Bxc4 22. Re1 Qd7 23. Be5 Re8 24. Bc2 Bd5 25. a3 b5 26. Ne2 Ne4 27. Bxe4 Bxe4
28. Bxg7 Kxg7 29. Ng3 Bd5 30. Re5 Rxe5 31. dxe5 Be6 32. Qf4 Qd1+ 33. Kh2 Qd5
34. Qf6+ Kg8 35. Qf4 Kg7 36. Qg5 h6 37. Qf6+ Kg8 38. h4 h5 39. Qf4 Qd1 40. Ne4
Qg4 41. Nf6+ 1-0

[Event "Open Vysocina 2018"]
[Site "Trebic"]
[Date "2018.09.27"]
[Round "6"]
[White "Habada, Jindrich"]
[Black "Spanton, Tim R"]
[Result "0-1"]
[WhiteElo "1761"]
[BlackElo "1923"]
[PlyCount "62"]
[EventDate "2018.09.22"]

1. e4 c5 2. Nf3 g6 3. d4 cxd4 4. Qxd4 Nf6 5. e5 Nc6 6. Qh4 Nxe5 7. Nxe5 Qa5+ 8.
Nc3 Qxe5+ 9. Be2 Bg7 10. Bf4 Qa5 11. O-O O-O 12. Bh6 d6 13. Rae1 Be6 14. Bd3
Qh5 15. Qxh5 Nxh5 16. Bxg7 Nxg7 17. Nb5 Rfc8 18. Nd4 Kf8 19. f4 Bc4 20. Rf3
Bxd3 21. Rxd3 a6 22. a4 Rc4 23. b3 Rc7 24. c4 h5 25. Rf3 Rc5 26. h3 h4 27. Kh2
Nf5 28. Nc2 b5 29. Rc3 Rac8 30. Re4 Ng3 31. Rd4 Ne2 0-1

[Event "Open Vysocina 2018"]
[Site "Trebic"]
[Date "2018.09.27"]
[Round "6"]
[White "Aird, Ian"]
[Black "Hrivnakova, Anna"]
[Result "1/2-1/2"]
[WhiteElo "1857"]
[BlackElo "1538"]
[PlyCount "70"]
[EventDate "2018.09.22"]

1. e4 c5 2. Nf3 d6 3. Bb5+ Bd7 4. Bxd7+ Nxd7 5. Qe2 a6 6. O-O g6 7. c3 Bg7 8.
d4 cxd4 9. cxd4 Ngf6 10. Nc3 O-O 11. Rd1 Qc7 12. e5 dxe5 13. dxe5 Ng4 14. e6
Nde5 15. Bf4 fxe6 16. Nxe5 Nxe5 17. Bg3 Rf5 18. Rac1 Qc4 19. Qxc4 Nxc4 20. b3
Ne5 21. Ne4 Nc6 22. Nc5 Nd4 23. Kf1 b5 24. Re1 Kf7 25. Nb7 Rd5 26. Rc7 Nf5 27.
Bf4 Bf6 28. Nc5 e5 29. Bc1 Rad8 30. Nb7 R8d7 31. Rxd7 Rxd7 32. Nc5 Ra7 33. Rd1
Nd4 34. Be3 Nc2 35. Bc1 Nd4 1/2-1/2

[Event "Open Vysocina 2018"]
[Site "Trebic"]
[Date "2018.09.27"]
[Round "6"]
[White "Kalveus, Jan"]
[Black "Smietanska, Wiktoria"]
[Result "1-0"]
[WhiteElo "1854"]
[BlackElo "1315"]
[PlyCount "79"]
[EventDate "2018.09.22"]

1. d4 d5 2. Nf3 Nf6 3. c4 e6 4. Nc3 Be7 5. Bf4 O-O 6. h3 b6 7. cxd5 Nxd5 8.
Nxd5 Qxd5 9. g3 Bb7 10. Bg2 Bb4+ 11. Kf1 c5 12. a3 Ba5 13. dxc5 bxc5 14. Ne1
Qxd1 15. Rxd1 Bxg2+ 16. Kxg2 Rc8 17. Nd3 Bb6 18. Rc1 Na6 19. Rc4 Rd8 20. Rhc1
Rd5 21. Be3 h6 22. Ra4 Nc7 23. Bxc5 Bxc5 24. Rxc5 Rxc5 25. Nxc5 Nb5 26. Rb4 Nd6
27. Nb7 Nxb7 28. Rxb7 Kf8 29. b4 h5 30. a4 a6 31. Kf3 Ke8 32. Ke3 Kf8 33. Kd4
Rd8+ 34. Kc5 Ra8 35. Kb6 g5 36. Ka5 f5 37. Rb6 e5 38. Rf6+ Ke7 39. Rxf5 Ke6 40.
Rxg5 1-0

[Event "Open Vysocina 2018"]
[Site "Trebic"]
[Date "2018.09.27"]
[Round "6"]
[White "Oburka, Vladislav"]
[Black "Rychtecky, Pavel"]
[Result "0-1"]
[WhiteElo "1802"]
[BlackElo "1537"]
[PlyCount "55"]
[EventDate "2018.09.22"]

1. e4 c5 2. c3 d5 3. exd5 Qxd5 4. d4 Nf6 5. Nf3 Bg4 6. Be2 cxd4 7. cxd4 e6 8.
Nc3 Bb4 9. O-O Qa5 10. Bd2 Nc6 11. a3 Bxc3 12. Bxc3 Qb6 13. Qa4 O-O 14. Rad1
Nd5 15. h3 Bh5 16. g4 Nf4 17. Qc4 Bg6 18. h4 Be4 19. Ne1 Rac8 20. Qb5 Qc7 21.
f3 a6 22. Qb3 Nxe2+ 23. Kf2 Nxc3 24. bxc3 Bd5 25. c4 Na5 26. Qc3 Nxc4 27. Rc1
Qa5 28. Nc2 0-1

[Event "Open Vysocina 2018"]
[Site "Trebic"]
[Date "2018.09.27"]
[Round "6"]
[White "Endler, Boris"]
[Black "Stork, Rostislav"]
[Result "1/2-1/2"]
[WhiteElo "1778"]
[BlackElo "1779"]
[PlyCount "25"]
[EventDate "2018.09.22"]

1. e4 e5 2. Nf3 Nf6 3. Nxe5 d6 4. Nf3 Nxe4 5. Nc3 Nxc3 6. dxc3 Nc6 7. Be3 Be7
8. Qd2 Be6 9. Bd3 Qd7 10. O-O O-O 11. Ng5 Bxg5 12. Bxg5 Rae8 13. f4 1/2-1/2

[Event "Open Vysocina 2018"]
[Site "Trebic"]
[Date "2018.09.27"]
[Round "6"]
[White "Korinkova, Eva"]
[Black "Svoboda, Frantisek"]
[Result "0-1"]
[WhiteElo "1833"]
[BlackElo "1760"]
[PlyCount "60"]
[EventDate "2018.09.22"]

1. e4 Nc6 2. Nf3 Nf6 3. e5 Ng4 4. d4 d6 5. h3 Nh6 6. Bb5 a6 7. Bxc6+ bxc6 8.
O-O g6 9. Bf4 Nf5 10. g4 Ng7 11. Bh6 Bd7 12. Nc3 Qc8 13. Nh2 Ne6 14. Bxf8 Kxf8
15. Qd2 h5 16. f3 hxg4 17. hxg4 Kg7 18. Kg2 Rh4 19. Rh1 Qh8 20. Rag1 Qh7 21.
Kf1 Rh8 22. Rg2 Rh3 23. Ne2 Qh4 24. d5 cxd5 25. Qxd5 Nd8 26. Nd4 c5 27. exd6
cxd4 28. dxe7 Bb5+ 29. Re2 Bxe2+ 30. Kxe2 Qxe7+ 0-1

[Event "Open Vysocina 2018"]
[Site "Trebic"]
[Date "2018.09.27"]
[Round "6"]
[White "Glacner, Karel"]
[Black "Zeleny, Ondrej"]
[Result "1-0"]
[WhiteElo "1482"]
[BlackElo "1358"]
[PlyCount "69"]
[EventDate "2018.09.22"]

1. e4 c5 2. g3 d6 3. Bg2 g6 4. d3 Bg7 5. f4 Nf6 6. Nf3 Nc6 7. c3 Bg4 8. Be3 O-O
9. Nbd2 b5 10. h3 Bd7 11. O-O Qc8 12. Kh2 Nh5 13. Nh4 e5 14. f5 Ne7 15. Qf3 Bf6
16. Bh6 Bxh4 17. gxh4 Re8 18. Rg1 Kh8 19. f6 Ng8 20. Qe3 Nxh6 21. Qxh6 Nxf6 22.
Nf3 Ng8 23. Qe3 Ne7 24. Ng5 Kg8 25. Raf1 f5 26. exf5 Nxf5 27. Rxf5 Bxf5 28.
Bxa8 Qxa8 29. Ne4 Qd8 30. h5 Re6 31. Ng5 Re8 32. h6 Qf6 33. Qf3 Rf8 34. Qb7 Bc8
35. Qxh7# 1-0

[Event "Open Vysocina 2018"]
[Site "Trebic"]
[Date "2018.09.27"]
[Round "6"]
[White "Kovacs, Ivan"]
[Black "Divis, Jan"]
[Result "1-0"]
[WhiteElo "1537"]
[BlackElo "1526"]
[PlyCount "77"]
[EventDate "2018.09.22"]

1. d4 d5 2. e3 Nf6 3. Nf3 Bf5 4. c4 e6 5. c5 c6 6. b4 b6 7. Ne5 bxc5 8. bxc5
Nbd7 9. Nxd7 Nxd7 10. Qa4 Qc7 11. Nd2 Be7 12. g3 O-O 13. Bg2 Rfb8 14. O-O a5
15. Nf3 Bf6 16. Bd2 Nxc5 17. dxc5 Bxa1 18. Rxa1 h6 19. Bc3 Rb1+ 20. Rxb1 Bxb1
21. Nd4 Rc8 22. a3 f6 23. Nf3 Ra8 24. Nd4 e5 25. Nxc6 Be4 26. Bxa5 Qb7 27. Bxe4
dxe4 28. Qxe4 Kf8 29. Qd5 Rxa5 30. Qd8+ Kf7 31. Nxa5 Qb1+ 32. Kg2 Qe4+ 33. Kf1
Qh1+ 34. Ke2 e4 35. Qd7+ Kg6 36. Qg4+ Kh7 37. c6 Qxh2 38. c7 Qh1 39. c8=Q 1-0

[Event "Open Vysocina 2018"]
[Site "Trebic"]
[Date "2018.09.28"]
[Round "7"]
[White "Vincze, Roman"]
[Black "Chu, Ruotong"]
[Result "0-1"]
[WhiteElo "2097"]
[BlackElo "2199"]
[PlyCount "136"]
[EventDate "2018.09.22"]

1. d4 Nf6 2. Bg5 d5 3. Bxf6 exf6 4. e3 Bd6 5. a3 c6 6. c4 dxc4 7. Bxc4 O-O 8.
Nc3 f5 9. Nf3 Nd7 10. O-O Nf6 11. Qc2 Qe7 12. Rad1 g6 13. Rfe1 Ne4 14. Ne2 Re8
15. Ng3 h5 16. Nd2 Bxg3 17. hxg3 h4 18. gxh4 Qxh4 19. Nf3 Qf6 20. Ne5 Nd6 21.
Be2 Kg7 22. g3 Be6 23. Bf3 Rh8 24. Nd3 g5 25. Bg2 Qh6 26. f3 Qh2+ 27. Kf2 Rh3
28. Rh1 Qxg3+ 29. Kf1 Rxh1+ 30. Bxh1 Rh8 31. Qg2 Qh4 32. Ke2 f6 33. Qf2 Qxf2+
34. Kxf2 Bd5 35. Bg2 a5 36. Rh1 Re8 37. Re1 Bc4 38. Nc1 Nb5 39. Bf1 Bxf1 40.
Rxf1 Nd6 41. Nd3 Nc4 42. Re1 Re7 43. a4 Kf7 44. Re2 Nb6 45. Nc5 Nd5 46. Nd3 Re8
47. Re1 Re7 48. Re2 Ke8 49. Re1 Kd7 50. Re2 Rh7 51. Kg2 b6 52. Re1 Kd6 53. Re2
Re7 54. Kf2 Rh7 55. Kg2 c5 56. dxc5+ bxc5 57. e4 c4 58. exd5 cxd3 59. Rd2 Rb7
60. Rxd3 Rxb2+ 61. Kg3 Rb4 62. Rc3 Kxd5 63. Rd3+ Rd4 64. Ra3 Kc4 65. Ra1 Kb3
66. Re1 Kxa4 67. Re6 g4 68. Rxf6 Rd3 0-1

[Event "Open Vysocina 2018"]
[Site "Trebic"]
[Date "2018.09.28"]
[Round "7"]
[White "Tesar, Jan"]
[Black "Bartos, Jan"]
[Result "1/2-1/2"]
[WhiteElo "2033"]
[BlackElo "2216"]
[PlyCount "23"]
[EventDate "2018.09.22"]

1. c4 Nf6 2. Nc3 c5 3. g3 e6 4. Bg2 d5 5. e3 d4 6. exd4 cxd4 7. Ne4 Nxe4 8.
Bxe4 Nd7 9. d3 Bb4+ 10. Bd2 Bxd2+ 11. Qxd2 O-O 12. Ne2 1/2-1/2

[Event "Open Vysocina 2018"]
[Site "Trebic"]
[Date "2018.09.28"]
[Round "7"]
[White "Pribyl, Josef"]
[Black "Skurniak, Szymon"]
[Result "1-0"]
[WhiteElo "2250"]
[BlackElo "1763"]
[PlyCount "95"]
[EventDate "2018.09.22"]

1. Nf3 d5 2. c4 d4 3. e3 dxe3 4. fxe3 g6 5. d4 Bg7 6. Nc3 c5 7. d5 Nd7 8. e4
Ne5 9. Be3 Qa5 10. Qb3 Ng4 11. Bg1 N8f6 12. Bd3 Nd7 13. h3 Nge5 14. Be2 O-O 15.
Be3 b6 16. Bd2 Qb4 17. O-O Ba6 18. Nxe5 Bxe5 19. Qc2 Bxc4 20. Nd1 Bxe2 21. Bxb4
Bxf1 22. Bc3 Ba6 23. Qa4 Bc8 24. Qc6 Rb8 25. Bxe5 Nxe5 26. Qc7 Nd7 27. Qxa7 Bb7
28. Qa4 Ne5 29. Nc3 e6 30. Qb5 Bc8 31. Rd1 Bd7 32. Qf1 f5 33. Qf4 Nc4 34. Qc7
Nxb2 35. Qxd7 Nxd1 36. Nxd1 exd5 37. Qxd5+ Kg7 38. Nc3 fxe4 39. Nxe4 Rf5 40.
Qe6 Rbf8 41. Qxb6 h5 42. Nxc5 h4 43. Ne6+ Kh6 44. Nxf8 Rxf8 45. a4 Kh5 46. Qc5+
Rf5 47. Qxf5+ gxf5 48. a5 1-0

[Event "Open Vysocina 2018"]
[Site "Trebic"]
[Date "2018.09.28"]
[Round "7"]
[White "Mezlik, Stanislav"]
[Black "Gokhale, Anupama"]
[Result "0-1"]
[WhiteElo "1885"]
[BlackElo "1964"]
[PlyCount "114"]
[EventDate "2018.09.22"]

1. d4 Nf6 2. c4 e6 3. Nc3 Bb4 4. Nf3 b6 5. Qc2 Bb7 6. a3 Bxc3+ 7. Qxc3 Ne4 8.
Qc2 c5 9. e3 O-O 10. Be2 d6 11. O-O Nd7 12. b4 Rc8 13. dxc5 bxc5 14. Bb2 Qe7
15. b5 f5 16. Bd3 Ndf6 17. Rae1 g6 18. Nd2 e5 19. f3 Ng5 20. Qc3 Rce8 21. Bc2
Qg7 22. Nb3 Nf7 23. Rd1 g5 24. Na5 Bc8 25. Nc6 f4 26. Rd2 fxe3 27. Qxe3 Be6 28.
Bb3 Nh5 29. Rc1 Nf4 30. Bc2 g4 31. Qxf4 exf4 32. Bxg7 Kxg7 33. Be4 gxf3 34.
Bxf3 Ra8 35. Kf2 a6 36. b6 Bc8 37. Na5 Rb8 38. Rb1 Bf5 39. Rbb2 Ne5 40. Be2
Rfd8 41. b7 Be4 42. Rb6 Nf7 43. Bg4 Ne5 44. Bc8 d5 45. Re6 Ng4+ 46. Kg1 Bf5 47.
Rxd5 Rxd5 48. cxd5 Bxe6 49. dxe6 Ne5 50. Kf2 Kf6 51. Ke2 h5 52. h3 Ke7 53. Kf2
Kd6 54. g3 fxg3+ 55. Kxg3 Ng6 56. Kf3 Ne7 57. Nc4+ Kc7 0-1

[Event "Open Vysocina 2018"]
[Site "Trebic"]
[Date "2018.09.28"]
[Round "7"]
[White "Vecera, Pavel"]
[Black "Zeleny, Tomas"]
[Result "1/2-1/2"]
[WhiteElo "2153"]
[BlackElo "1833"]
[PlyCount "64"]
[EventDate "2018.09.22"]

1. d4 d5 2. c4 c6 3. Nf3 Nf6 4. Nc3 a6 5. a4 Bf5 6. cxd5 cxd5 7. Bf4 Nc6 8. e3
e6 9. Bd3 Bxd3 10. Qxd3 Bd6 11. Bg5 O-O 12. O-O Be7 13. Rfd1 h6 14. Bh4 Nh5 15.
Bxe7 Qxe7 16. Ne5 Rac8 17. a5 Nf6 18. Rdc1 Nxe5 19. dxe5 Ng4 20. e4 Qh4 21. Qg3
Qxg3 22. hxg3 dxe4 23. Nxe4 Nxe5 24. Nd6 Rb8 25. Rc7 b6 26. Nb7 Nc4 27. axb6
Nxb6 28. Rxa6 Nd5 29. Rd7 Nf6 30. Rc7 Rfc8 31. Rac6 Rxc7 32. Rxc7 Ra8 1/2-1/2

[Event "Open Vysocina 2018"]
[Site "Trebic"]
[Date "2018.09.28"]
[Round "7"]
[White "Lampir, Tomas"]
[Black "Bar-Or, Ornan"]
[Result "1-0"]
[WhiteElo "2052"]
[BlackElo "1931"]
[PlyCount "107"]
[EventDate "2018.09.22"]

1. e4 c5 2. Nc3 Nc6 3. Bb5 Nd4 4. Bc4 e6 5. f4 g6 6. Nf3 Bg7 7. Nxd4 cxd4 8.
Ne2 Ne7 9. d3 O-O 10. O-O d5 11. Bb3 a5 12. a4 Qb6 13. Kh1 Bd7 14. Ng3 f5 15.
e5 Nc6 16. Bd2 Nb4 17. Be1 Rac8 18. Bf2 Nc6 19. Ne2 g5 20. g3 Kh8 21. c3 gxf4
22. gxf4 Be8 23. Nxd4 Nxd4 24. Bxd4 Qd8 25. Qf3 Rg8 26. Qh3 Bg6 27. Rg1 Qe8 28.
Rg3 Bf8 29. Rag1 Bc5 30. Bxc5 Rxc5 31. d4 Rc7 32. Bd1 Rgg7 33. Qh6 Qg8 34. Bh5
Bxh5 35. Qxh5 Rxg3 36. Rxg3 Rg7 37. Rxg7 Qxg7 38. Qe8+ Qg8 39. Qxg8+ Kxg8 40.
b4 b6 41. bxa5 bxa5 42. Kg2 Kg7 43. Kf3 Kg6 44. Kg3 Kh5 45. Kh3 Kg6 46. Kh4 Kh6
47. Kg3 Kh5 48. Kf3 Kg6 49. Kf2 Kh5 50. Ke3 Kg6 51. Kd3 Kf7 52. c4 dxc4+ 53.
Kxc4 Ke7 54. Kb5 1-0

[Event "Open Vysocina 2018"]
[Site "Trebic"]
[Date "2018.09.28"]
[Round "7"]
[White "Grabarczyk, Sylwester"]
[Black "Pacl, Vaclav"]
[Result "1/2-1/2"]
[WhiteElo "1782"]
[BlackElo "2033"]
[PlyCount "38"]
[EventDate "2018.09.22"]

1. e4 d5 2. exd5 Qxd5 3. d4 a6 4. Nc3 Qd6 5. g3 Nf6 6. Bf4 Qd8 7. Bg2 c6 8. Nf3
Bg4 9. h3 Bxf3 10. Qxf3 e6 11. Rd1 Be7 12. O-O Nbd7 13. g4 O-O 14. Rfe1 Nd5 15.
Nxd5 exd5 16. Bf1 Re8 17. Bd3 Bf6 18. c3 Rxe1+ 19. Rxe1 g6 1/2-1/2

[Event "Open Vysocina 2018"]
[Site "Trebic"]
[Date "2018.09.28"]
[Round "7"]
[White "Heppell, Ian N"]
[Black "Zacharias, Miroslav"]
[Result "1/2-1/2"]
[WhiteElo "2031"]
[BlackElo "1727"]
[PlyCount "77"]
[EventDate "2018.09.22"]

1. e4 c6 2. Nc3 d5 3. Nf3 Bg4 4. h3 Bh5 5. Be2 e6 6. d4 Nf6 7. Bg5 Be7 8. e5
Nfd7 9. Bxe7 Qxe7 10. g4 Bg6 11. Qd2 a6 12. O-O-O c5 13. dxc5 Nxc5 14. Nd4 Qc7
15. f4 Ne4 16. Nxe4 Bxe4 17. Bf3 Bxf3 18. Nxf3 Nc6 19. Rhe1 O-O-O 20. Re3 Kb8
21. Rc3 Qb6 22. Nd4 Nxd4 23. Qxd4 Qxd4 24. Rxd4 h5 25. f5 g6 26. Rf3 hxg4 27.
hxg4 gxf5 28. gxf5 Rh6 29. Kd2 Rd7 30. b3 Kc7 31. Rdf4 Re7 32. Kd3 Kb8 33. Kd4
Rh2 34. Rf2 Rxf2 35. Rxf2 Kc7 36. a4 Kc6 37. Rf3 Kb6 38. c3 Kc6 39. Rf2 1/2-1/2

[Event "Open Vysocina 2018"]
[Site "Trebic"]
[Date "2018.09.28"]
[Round "7"]
[White "Spanton, Tim R"]
[Black "Kalveus, Jan"]
[Result "1-0"]
[WhiteElo "1923"]
[BlackElo "1854"]
[PlyCount "87"]
[EventDate "2018.09.22"]

1. c4 f5 2. Nc3 Nf6 3. g3 c6 4. Bg2 d6 5. d4 Be6 6. d5 Bf7 7. Qb3 Qd7 8. Nf3 g6
9. Be3 Bg7 10. Ng5 O-O 11. Rd1 h6 12. Nxf7 Rxf7 13. c5 cxd5 14. Nxd5 Nc6 15.
Nxf6+ Bxf6 16. Bd5 Nd8 17. Bxf7+ Nxf7 18. O-O Kg7 19. Rd2 Qc6 20. cxd6 Nxd6 21.
Rc2 Qe4 22. f3 Qe5 23. Bf4 Qd4+ 24. Be3 Qe5 25. Rd1 g5 26. Bd4 Qa5 27. Bxf6+
Kxf6 28. Qc3+ Qxc3 29. Rxc3 h5 30. Kf2 g4 31. Rc7 Ke6 32. Rd3 Kf6 33. Re3 e5
34. Rd3 Ke6 35. Rh7 Rd8 36. Rh6+ Ke7 37. Rxh5 gxf3 38. Rh7+ Ke6 39. Rh6+ Ke7
40. Rdxd6 Rxd6 41. Rxd6 Kxd6 42. Kxf3 Ke6 43. e4 b5 44. b4 1-0